| 000 | 00417nam a2200169Ia 4500 | ||
|---|---|---|---|
| 008 | 210210b1972 xxu||||| |||| 00| 0 eng d | ||
| 041 | _aeng | ||
| 082 | _aS891.1 SHAD | ||
| 100 | _aSHANKARACHARYA. | ||
| 245 | _aDakshinamurti stotram. | ||
| 260 |
_aMysore _bOriental research institute _c1972 |
||
| 300 | _a228 | ||
| 650 | _astotram. | ||
| 650 | _aDakshinamurti | ||
| 690 | _aSanskrit Poetry | ||
| 906 | _aSG02468 | ||
| 999 |
_c113738 _d113738 |
||